| 000 | 00658nam a22002057a 4500 | ||
|---|---|---|---|
| 005 | 20240530110957.0 | ||
| 008 | 221204s2006 au a f b 000 0 eng d | ||
| 040 |
_aEG-CaGPL _cEG-CaGPL |
||
| 082 | 0 | 4 |
_221 _a613.62 _bج ص |
| 100 | 0 | _aجمال حسنى السمرة | |
| 245 | 1 | 0 |
_aالصحة والسلامة فى بيئة العمل / _cتاليف جمال حسنى السمرة |
| 250 | _aط.1 | ||
| 260 |
_aالقاهرة : _c2006 |
||
| 300 |
_a322 ص. ؛ _c24 سم. |
||
| 650 | 0 | 7 | _2qrmak |
| 650 | 0 | 7 | _aالعمل والعمال |
| 651 |
_2qrmak _aالرعاية الصحية |
||
| 942 |
_2ddc _cBK |
||
| 999 |
_c67115 _d67115 |
||